000 00589nam a2200205Ia 4500
003 OSt
005 20240430145538.0
008 210210b2001 xxu||||| |||| 00| 0 eng d
040 _cAL
041 _aKannada
082 _a917.304K SARA
100 _aSARA ABUBAKKAR.
_dಸಾರಾ ಅಬೂಬಕ್ಕರ್
_9162723
245 _aAisharamada aladalli.
_bಐಷಾರಾಮದ ಆಳದಲ್ಲಿ
260 _aMangaluru
_bChandragiri Prakashana
_c2001
300 _aiv,168
650 _aAmerica Pravasa
_9162724
690 _aTravel
_9162725
906 _a056324
942 _2ddc
_cBK
999 _c103746
_d103746